000 00321nam a22001457a 4500
008 221107b ||||| |||| 00| 0 eng d
020 _a9780826172532
041 _aeng
080 _a618
082 _a618 STE
100 _a15.2
101 _aGINE
245 _aFERTILITY AND ASSISTED
_cSTEVENSON E
942 _2udc
_cBK
999 _c58770
_d58770